| 000 | 00609nam a22001937a 4500 | ||
|---|---|---|---|
| 005 | 20171107123229.0 | ||
| 010 | _aENG-121268 | ||
| 020 |
_a9789386288738 _c220.00 |
||
| 035 | _aEN-104800 | ||
| 037 | _bDBAD/PUB | ||
| 082 | _a954 | ||
| 100 | _aDas,Suranjan | ||
| 245 | 0 | 0 |
_aIndia and Malaysia : _cby Suranjan Das _bhistorical Hindsight and the way ahead / |
| 260 |
_aNew Delhi _bKW Publishers _c2017 |
||
| 270 |
_a4676/21, First Floor, Ansari Road, Daryaganj, _bNew Delhi _e110002 |
||
| 300 |
_a142p. _c24cm(pbk) |
||
| 490 | _aOccasional Paper series N0-1 | ||
| 942 |
_2ddc _cEN _mDAS _h954 |
||
| 999 |
_c147214 _d147214 |
||